000 00506nam a2200169 i 4500
001 26639
003 ES-MaACL
005 20230906153458.0
007 t|
008 030110s1920 sp ||||1| rus d
100 1 _aArtsybashev, Mijail Petrovich.
_923502
245 1 0 _aSánin /
_cMijail Petrovich Artsybashev ; traducido del ruso por G. Portnof.
260 _aMadrid :
_b[s.n.,
_c1920] (
_fImp. Félix Moliner)
300 _a355 p. ;
_c19 cm.
700 1 _aPortnof, G.
_993282
852 _aES-MaACL
_jF-9481
999 _c26639
_d26639